000 00216nam a2200097Ia 4500
008 240331s9999 xx 000 0 und d
082 _bFUA
100 _aFuaji, A.A.M
245 0 _aMathalai mawadda muslimkal
942 _cL
999 _c2000
_d2000